| 000 | 00967nam0a2200301 4500 | ||
|---|---|---|---|
| 001 | RU\NLR\bibl\101421 | ||
| 005 | 20250617083850.0 | ||
| 010 |
_a5-8026-0068-3 _910000 |
||
| 021 |
_aRU _b2000-14228 _9687 |
||
| 035 | _a(NLR Aleph) 000099186 | ||
| 090 |
_a559437 _c559437 |
||
| 100 | _a20000802d2000 |||y0rusy50 ca | ||
| 101 | 1 |
_arus _ceng |
|
| 102 | _aRU | ||
| 105 | _ay ||||||||| | ||
| 200 | 1 |
_aДевушка лет двадцати _e[Роман] _fКингсли Эмис _g[Пер. с англ. Оксаны Кириченко] |
|
| 210 |
_aМ. _cГудьял-Пресс _d2000 |
||
| 215 |
_a282,[1] с. _d20 |
||
| 225 | 1 | _aСобрание | |
| 686 | _aШ6(4Вл)67-440.4 | ||
| 700 | 1 |
_4070 _7ca _8rus _aЭмис _bК. _f1922-1995 _gКингсли _9247852 _3RU\NLR\AUTH\770247908 |
|
| 801 | 0 |
_aRU _bNLR _c20000802 _gPSBO |
|
| 801 | 1 |
_aRU _bNLR _c20000802 |
|
| 852 |
_aNLR _j2000-3/7091 |
||
| 942 | _cBOOK | ||
| 980 | _aNB | ||